00646nam a22001817a 450000500170000001000150001702000260003203500140005803700130007208200140008510000160009924500970011526000450021227001150025730000580037270000140043070000200044420220829110356.0 aENG-134730 a9789383046294c850.00 aEN-118262 bDBAD/PUB a630.71054 aRamarao, D. aTowards skill endowed human resources in agriculture/cD. Ramarao, BVLN Rao & Rashmi Agrawal aNew DelhibD.P.S. Publishing housec2014 a4598/12B, Gola Cottage, Ansari road, Darya GanjbNew Delhie110002k011-23251264mdpspublishinghouse@gmail.com aix; 259p.c23cm(hbk)bBibliography, Annexures & Index aRao, BVLN aAgrawal, Rashmi